000 00507nam a2200133 4500
999 _c14702
_d14702
008 191022b ||||| |||| 00| 0 eng d
022 _a03080587
082 _aDPer 420.5 M72 Apr-Oct 2011 v. 20, n. 2-4
100 _940543
_aTilbury, Alex.
245 _aBackground Books:
_bTeaching the Pronunciation of English as a Lingua Franca/
_cAlex Tilbury.
260 _aChichester, West Sussex:
_bPavilion Publishing,
_cApr-Oct 2011.
300 _av20, n4 pages 84-86:
_bcolor illustrations;
_c30 cm.
942 _2ddc
_cPER